| 000 | 00359 a2200121 4500 | ||
|---|---|---|---|
| 001 | ART_12903 | ||
| 005 | 20260410161734.0 | ||
| 008 | 260409a | ||
| 245 | 1 | 0 | _aPolitica y economía, un duo que desafina |
| 100 | 1 | _aFraga, Rosendo | |
| 700 | 1 | _aGraziano, Walter | |
| 773 | 0 |
_tEjecutivos de finanzas _g- Año 7, Nº 67 (jul. 1990) _wREV2863 |
|
| 999 |
_c18115 _d18115 |
||